000 00539 a2200181 4500
999 _c2669
_d2669
020 _a9781868087082
050 _aJS7642.2 LOC 2010
100 _aVisser . Jaap . De
_eeditor
245 _aLocal government reforms in Zimbabwe:
_ba policy dialogue /
_cJaap de Visser
264 _aWestern cape
_bcommunity law centre
_c2010
300 _a151p.;
500 _aincludes references.
650 _aReform
651 _aZimbabwe
700 _aNico, Steytler
_eeditor
700 _aNaison Machingauta
_eeditor
942 _2lcc
_cBK
_h7642.2
_iLOC
_kJS